[Event "Moscow Open A,B"]
[Site "?"]
[Date "2017.02.01"]
[Round "5.16"]
[White "Shuvalova, Polina"]
[Black "Gritsayeva, Oksana"]
[Result "0-1"]
[BlackElo "2321"]
[WhiteElo "2387"]
[LiveChessVersion "1.4.8"]

1. c4 {[%clk 1:30:58]} e5 {[%clk 1:28:58]} 2. Nc3 {[%clk 1:31:16]} Nf6
{[%clk 1:26:13]} 3. g3 {[%clk 1:31:36]} Bb4 {[%clk 1:26:05]} 4. Bg2
{[%clk 1:31:58]} O-O {[%clk 1:26:28]} 5. e4 {[%clk 1:19:38]} a5 {[%clk 1:24:44]}
6. Nge2 {[%clk 1:16:26]} Nc6 {[%clk 1:23:41]} 7. O-O {[%clk 1:16:47]} Bc5
{[%clk 1:21:17]} 8. d3 {[%clk 1:08:32]} d6 {[%clk 1:21:24]} 9. Nb5
{[%clk 1:08:25]} Be6 {[%clk 1:15:22]} 10. b3 {[%clk 0:59:01]} Bg4
{[%clk 1:09:15]} 11. Kh1 {[%clk 0:53:52]} Nd4 {[%clk 1:04:23]} 12. f3
{[%clk 0:52:05]} Nxe2 {[%clk 1:00:53]} 13. fxg4 {[%clk 0:47:44]} Nxc1
{[%clk 1:00:21]} 14. Rxc1 {[%clk 0:47:14]} h6 {[%clk 0:57:54]} 15. Nc3
{[%clk 0:44:42]} Bd4 {[%clk 0:57:09]} 16. Nd5 {[%clk 0:36:35]} Nd7
{[%clk 0:56:46]} 17. Qe2 {[%clk 0:35:13]} Nc5 {[%clk 0:53:43]} 18. h4
{[%clk 0:31:10]} c6 {[%clk 0:50:03]} 19. Ne3 {[%clk 0:30:41]} g6 {[%clk 0:41:00]}
20. Bh3 {[%clk 0:25:56]} Kg7 {[%clk 0:39:58]} 21. Nc2 {[%clk 0:23:20]} Bb2
{[%clk 0:39:01]} 22. Rcd1 {[%clk 0:22:39]} Bc3 {[%clk 0:36:20]} 23. Kg2
{[%clk 0:15:55]} Qe7 {[%clk 0:34:21]} 24. g5 {[%clk 0:13:11]} hxg5
{[%clk 0:33:35]} 25. h5 {[%clk 0:13:17]} Rad8 {[%clk 0:29:38]} 26. Bg4
{[%clk 0:12:51]} Rh8 {[%clk 0:26:08]} 27. Rf2 {[%clk 0:12:03]} Rdf8
{[%clk 0:23:18]} 28. Rh1 {[%clk 0:11:35]} b6 {[%clk 0:20:03]} 29. Rff1
{[%clk 0:11:31]} Rd8 {[%clk 0:19:32]} 30. Rc1 {[%clk 0:10:27]} Rhf8
{[%clk 0:18:07]} 31. Rhf1 {[%clk 0:09:17]} Rb8 {[%clk 0:15:48]} 32. Qd1
{[%clk 0:08:54]} Bb2 {[%clk 0:13:22]} 33. Rb1 {[%clk 0:09:19]} Bd4
{[%clk 0:13:17]} 34. Qe2 {[%clk 0:07:27]} b5 {[%clk 0:11:46]} 35. cxb5
{[%clk 0:06:00]} Rxb5 {[%clk 0:11:38]} 36. Rbc1 {[%clk 0:04:32]} Rbb8
{[%clk 0:09:32]} 37. Qd2 {[%clk 0:04:31]} gxh5 {[%clk 0:08:41]} 38. Bxh5
{[%clk 0:04:21]} f6 {[%clk 0:08:51]} 39. Bg4 {[%clk 0:03:59]} Rbd8
{[%clk 0:07:25]} 40. Bf5 {[%clk 0:33:07]} Ra8 {[%clk 0:36:26]} 41. Rh1
{[%clk 0:25:42]} Rh8 {[%clk 0:36:27]} 42. Rxh8 {[%clk 0:22:07]} Rxh8
{[%clk 0:36:46]} 43. Nxd4 {[%clk 0:22:24]} exd4 {[%clk 0:37:11]} 44. Qxa5
{[%clk 0:22:33]} Qf7 {[%clk 0:32:32]} 45. Bg4 {[%clk 0:16:39]} Qb7
{[%clk 0:29:35]} 46. Qd2 {[%clk 0:16:34]} Nd7 {[%clk 0:28:53]} 47. Rf1
{[%clk 0:08:50]} Ne5 {[%clk 0:28:58]} 48. Bd1 {[%clk 0:08:56]} c5
{[%clk 0:28:10]} 49. a3 {[%clk 0:07:58]} Qc8 {[%clk 0:24:59]} 50. Rf5
{[%clk 0:07:15]} Qa6 {[%clk 0:24:54]} 51. b4 {[%clk 0:03:30]} Qxa3
{[%clk 0:24:07]} 52. bxc5 {[%clk 0:03:45]} Qxc5 {[%clk 0:24:16]} 53. Qa2
{[%clk 0:03:38]} Qc1 {[%clk 0:21:12]} 54. Rf1 {[%clk 0:03:54]} Qe3
{[%clk 0:20:26]} 55. Bb3 {[%clk 0:02:26]} Qxd3 {[%clk 0:17:36]} 56. Bd5
{[%clk 0:02:07]} Kg6 {[%clk 0:16:59]} 57. Qb2 {[%clk 0:01:26]} Rh2+
{[%clk 0:16:14]} 58. Kxh2 {[%clk 0:01:48]} Qxf1 {[%clk 0:16:39]} 0-1

[Event "Moscow Open A,B"]
[Site "?"]
[Date "2017.02.01"]
[Round "5.18"]
[White "Rakhmangulova, Anastasiya"]
[Black "Goryachkina, Aleksandra"]
[Result "1/2-1/2"]
[BlackElo "2466"]
[WhiteElo "2254"]
[LiveChessVersion "1.4.8"]

1. d4 {[%clk 1:30:58]} Nf6 {[%clk 1:30:45]} 2. Nf3 {[%clk 1:31:23]} d5
{[%clk 1:30:58]} 3. Bg5 {[%clk 1:31:47]} c5 {[%clk 1:30:54]} 4. e3
{[%clk 1:31:27]} Nc6 {[%clk 1:29:27]} 5. Bxf6 {[%clk 1:26:54]} exf6
{[%clk 1:29:08]} 6. dxc5 {[%clk 1:23:34]} Bxc5 {[%clk 1:28:39]} 7. c3
{[%clk 1:23:45]} O-O {[%clk 1:27:19]} 8. Nbd2 {[%clk 1:14:13]} Be6
{[%clk 1:25:43]} 9. Nb3 {[%clk 1:10:45]} Bb6 {[%clk 1:19:51]} 10. Nbd4
{[%clk 1:06:12]} Ne5 {[%clk 1:18:39]} 11. Be2 {[%clk 1:03:30]} Rc8
{[%clk 1:17:20]} 12. O-O {[%clk 1:01:26]} Qe7 {[%clk 1:12:58]} 13. a4
{[%clk 0:53:45]} a6 {[%clk 1:10:06]} 14. Ne1 {[%clk 0:45:05]} f5 {[%clk 1:06:44]}
15. Nd3 {[%clk 0:42:54]} Nc4 {[%clk 1:03:40]} 16. Rc1 {[%clk 0:31:51]} Rfd8
{[%clk 1:01:48]} 17. Re1 {[%clk 0:29:33]} Ba7 {[%clk 0:55:51]} 18. Bf1
{[%clk 0:29:28]} Qe8 {[%clk 0:51:41]} 19. b3 {[%clk 0:24:04]} Nd6
{[%clk 0:51:20]} 20. Nf4 {[%clk 0:23:49]} Qe7 {[%clk 0:46:59]} 21. g3
{[%clk 0:18:58]} Qf6 {[%clk 0:45:30]} 22. h4 {[%clk 0:18:29]} g6 {[%clk 0:44:04]}
23. Rc2 {[%clk 0:17:22]} h6 {[%clk 0:39:44]} 24. Bg2 {[%clk 0:12:50]} Ne4
{[%clk 0:39:04]} 25. Qd3 {[%clk 0:11:39]} g5 {[%clk 0:35:01]} 26. hxg5
{[%clk 0:12:08]} hxg5 {[%clk 0:34:59]} 27. Nfe2 {[%clk 0:12:34]} Kg7
{[%clk 0:32:53]} 28. c4 {[%clk 0:10:52]} dxc4 {[%clk 0:26:38]} 29. bxc4
{[%clk 0:11:19]} Nc5 {[%clk 0:24:12]} 30. Qc3 {[%clk 0:11:03]} Rc7
{[%clk 0:21:01]} 31. a5 {[%clk 0:10:48]} Rdc8 {[%clk 0:19:24]} 32. Rb1
{[%clk 0:09:57]} Bd7 {[%clk 0:14:24]} 33. Nb3 {[%clk 0:08:30]} Ba4
{[%clk 0:11:59]} 34. Ned4 {[%clk 0:06:45]} Nxb3 {[%clk 0:08:21]} 35. Nxb3
{[%clk 0:07:12]} Qxc3 {[%clk 0:06:35]} 36. Rxc3 {[%clk 0:07:41]} Rxc4
{[%clk 0:06:00]} 37. Rxc4 {[%clk 0:08:03]} Rxc4 {[%clk 0:06:26]} 38. Bxb7
{[%clk 0:08:17]} f4 {[%clk 0:03:48]} 39. gxf4 {[%clk 0:03:27]} gxf4
{[%clk 0:03:52]} 40. Bxa6 {[%clk 0:33:41]} Rc6 {[%clk 0:31:31]} 41. Bb7
{[%clk 0:28:34]} Rg6+ {[%clk 0:31:48]} 42. Kh1 {[%clk 0:24:25]} fxe3
{[%clk 0:31:08]} 43. fxe3 {[%clk 0:24:50]} Bxe3 {[%clk 0:31:29]} 44. a6
{[%clk 0:24:57]} Bc6+ {[%clk 0:20:49]} 1/2-1/2

[Event "Moscow Open A,B"]
[Site "?"]
[Date "2017.02.01"]
[Round "5.19"]
[White "Obolentseva, Alexandra"]
[Black "Galliamova, Alisa"]
[Result "0-1"]
[BlackElo "2446"]
[WhiteElo "2338"]
[LiveChessVersion "1.4.8"]

1. d4 {[%clk 1:30:56]} Nf6 {[%clk 1:30:53]} 2. c4 {[%clk 1:31:20]} e6
{[%clk 1:31:19]} 3. Nf3 {[%clk 1:31:26]} b6 {[%clk 1:31:28]} 4. g3
{[%clk 1:31:38]} Ba6 {[%clk 1:31:30]} 5. Qa4 {[%clk 1:32:00]} Bb7
{[%clk 1:31:22]} 6. Bg2 {[%clk 1:32:21]} Be7 {[%clk 1:28:36]} 7. O-O
{[%clk 1:32:41]} O-O {[%clk 1:28:28]} 8. Rd1 {[%clk 1:32:19]} d5 {[%clk 1:18:40]}
9. Ne5 {[%clk 1:31:38]} Qc8 {[%clk 1:18:20]} 10. Nc3 {[%clk 1:30:17]} dxc4
{[%clk 1:12:44]} 11. Bxb7 {[%clk 1:30:10]} Qxb7 {[%clk 1:13:09]} 12. Qxc4
{[%clk 1:30:04]} Nfd7 {[%clk 1:05:16]} 13. Nxd7 {[%clk 1:25:53]} Nxd7
{[%clk 1:05:41]} 14. d5 {[%clk 1:26:03]} e5 {[%clk 0:45:25]} 15. b3
{[%clk 1:24:19]} a6 {[%clk 0:43:22]} 16. Bb2 {[%clk 1:20:59]} Nf6
{[%clk 0:40:49]} 17. Ne4 {[%clk 1:17:31]} Nxe4 {[%clk 0:40:24]} 18. Qxe4
{[%clk 1:17:54]} Bd6 {[%clk 0:40:37]} 19. Rac1 {[%clk 1:14:54]} f5
{[%clk 0:37:42]} 20. Qb1 {[%clk 1:00:41]} Rae8 {[%clk 0:36:24]} 21. Rc4
{[%clk 0:58:04]} f4 {[%clk 0:34:50]} 22. Qe4 {[%clk 0:57:24]} Qc8
{[%clk 0:34:40]} 23. Qg2 {[%clk 0:51:23]} Rf6 {[%clk 0:32:46]} 24. Kh1
{[%clk 0:49:45]} fxg3 {[%clk 0:28:56]} 25. hxg3 {[%clk 0:47:36]} Ref8
{[%clk 0:27:53]} 26. Rf1 {[%clk 0:47:34]} Qe8 {[%clk 0:20:28]} 27. Rh4
{[%clk 0:36:05]} Qg6 {[%clk 0:18:44]} 28. f3 {[%clk 0:25:41]} Qc2
{[%clk 0:16:57]} 29. e4 {[%clk 0:15:52]} Qd3 {[%clk 0:17:10]} 30. f4
{[%clk 0:15:49]} Rg6 {[%clk 0:16:37]} 31. Qf3 {[%clk 0:16:01]} Rxg3
{[%clk 0:13:06]} 32. Qxd3 {[%clk 0:16:28]} Rxd3 {[%clk 0:13:32]} 33. Rg1
{[%clk 0:11:40]} Rxf4 {[%clk 0:11:27]} 34. Rxf4 {[%clk 0:12:07]} exf4
{[%clk 0:11:52]} 35. Rxg7+ {[%clk 0:12:27]} Kf8 {[%clk 0:12:15]} 36. e5
{[%clk 0:12:51]} Ba3 {[%clk 0:07:55]} 37. Rg2 {[%clk 0:12:09]} Bxb2
{[%clk 0:07:56]} 38. Rxb2 {[%clk 0:12:31]} Rxd5 {[%clk 0:07:58]} 39. Rf2
{[%clk 0:11:32]} Rxe5 {[%clk 0:05:43]} 40. Rxf4+ {[%clk 0:41:57]} Ke7
{[%clk 0:35:38]} 41. Kg1 {[%clk 0:42:00]} Re2 {[%clk 0:31:41]} 42. Ra4
{[%clk 0:41:17]} a5 {[%clk 0:31:50]} 43. Kf1 {[%clk 0:41:41]} Rh2
{[%clk 0:31:13]} 44. Re4+ {[%clk 0:41:27]} Kd6 {[%clk 0:30:53]} 45. Rd4+
{[%clk 0:41:38]} Kc6 {[%clk 0:29:44]} 46. Rc4+ {[%clk 0:41:45]} Kb7
{[%clk 0:30:10]} 47. a4 {[%clk 0:41:53]} Rh3 {[%clk 0:29:33]} 48. b4
{[%clk 0:42:13]} axb4 {[%clk 0:29:30]} 49. Rxb4 {[%clk 0:42:24]} Ka6
{[%clk 0:29:04]} 50. Ke2 {[%clk 0:42:31]} Ka5 {[%clk 0:28:35]} 51. Rf4
{[%clk 0:42:13]} c5 {[%clk 0:25:09]} 52. Kd2 {[%clk 0:42:10]} Ra3
{[%clk 0:23:30]} 53. Rh4 {[%clk 0:42:31]} Rxa4 {[%clk 0:23:53]} 54. Rxh7
{[%clk 0:42:58]} Kb4 {[%clk 0:24:04]} 55. Rh1 {[%clk 0:42:51]} Ra2+
{[%clk 0:24:21]} 56. Kd3 {[%clk 0:43:17]} c4+ {[%clk 0:24:40]} 57. Kd4
{[%clk 0:43:44]} Rd2+ {[%clk 0:24:52]} 58. Ke3 {[%clk 0:44:09]} Rd6
{[%clk 0:22:38]} 59. Rb1+ {[%clk 0:44:26]} Ka3 {[%clk 0:22:26]} 60. Kd4
{[%clk 0:44:09]} 0-1

[Event "Moscow Open A,B"]
[Site "?"]
[Date "2017.02.01"]
[Round "5.20"]
[White "Bodnaruk, Anastasia"]
[Black "Utiatskaja, Irina"]
[Result "1/2-1/2"]
[BlackElo "2213"]
[WhiteElo "2463"]
[LiveChessVersion "1.4.8"]

1. e4 {[%clk 1:30:57]} c5 {[%clk 1:30:56]} 2. Nf3 {[%clk 1:31:24]} d6
{[%clk 1:31:18]} 3. d4 {[%clk 1:31:50]} cxd4 {[%clk 1:31:45]} 4. Nxd4
{[%clk 1:32:16]} Nf6 {[%clk 1:32:11]} 5. Nc3 {[%clk 1:32:42]} a6 {[%clk 1:32:39]}
6. Be2 {[%clk 1:32:52]} Nbd7 {[%clk 1:32:37]} 7. O-O {[%clk 1:32:44]} e6
{[%clk 1:32:22]} 8. f4 {[%clk 1:32:35]} b5 {[%clk 1:32:34]} 9. Bf3
{[%clk 1:32:17]} Bb7 {[%clk 1:32:56]} 10. e5 {[%clk 1:31:52]} Bxf3
{[%clk 1:33:06]} 11. Nxf3 {[%clk 1:32:08]} Ng4 {[%clk 1:33:26]} 12. f5
{[%clk 1:30:49]} dxe5 {[%clk 1:20:03]} 13. fxe6 {[%clk 1:25:31]} fxe6
{[%clk 1:18:37]} 14. Kh1 {[%clk 1:01:09]} Qb6 {[%clk 1:12:05]} 15. Qe1
{[%clk 0:49:56]} Ngf6 {[%clk 1:02:31]} 16. Nxe5 {[%clk 0:48:15]} Nxe5
{[%clk 1:02:57]} 17. Qxe5 {[%clk 0:48:42]} Be7 {[%clk 1:03:16]} 18. Qe2
{[%clk 0:30:26]} O-O {[%clk 1:02:20]} 19. Bf4 {[%clk 0:28:45]} Rac8
{[%clk 0:56:59]} 20. Rae1 {[%clk 0:24:56]} Bb4 {[%clk 0:46:42]} 21. Be5
{[%clk 0:21:53]} Bxc3 {[%clk 0:45:12]} 22. Bxc3 {[%clk 0:21:06]} Nd5
{[%clk 0:45:17]} 23. Be5 {[%clk 0:12:18]} Rxf1+ {[%clk 0:41:16]} 24. Rxf1
{[%clk 0:12:45]} Qe3 {[%clk 0:41:31]} 25. Qf2 {[%clk 0:12:38]} Qxf2
{[%clk 0:40:38]} 26. Rxf2 {[%clk 0:13:08]} Nb4 {[%clk 0:38:51]} 27. c3
{[%clk 0:12:40]} Rd8 {[%clk 0:35:27]} 28. h4 {[%clk 0:10:23]} Rd1+
{[%clk 0:33:38]} 29. Kh2 {[%clk 0:10:52]} Nxa2 {[%clk 0:33:46]} 30. Rf4
{[%clk 0:07:56]} Rd5 {[%clk 0:30:50]} 31. Re4 {[%clk 0:04:08]} Nc1
{[%clk 0:30:45]} 32. c4 {[%clk 0:02:46]} bxc4 {[%clk 0:29:50]} 33. Bc3
{[%clk 0:01:23]} Na2 {[%clk 0:29:21]} 34. Be1 {[%clk 0:00:50]} Rb5
{[%clk 0:27:03]} 35. Rxc4 {[%clk 0:01:19]} Rxb2 {[%clk 0:27:27]} 36. Ra4
{[%clk 0:01:28]} Re2 {[%clk 0:27:08]} 37. Bg3 {[%clk 0:00:39]} Nc3
{[%clk 0:21:40]} 38. Rxa6 {[%clk 0:01:08]} h5 {[%clk 0:21:27]} 39. Bf4
{[%clk 0:00:37]} Nd5 {[%clk 0:21:25]} 40. Bg5 {[%clk 0:30:39]} Kf7
{[%clk 0:51:32]} 41. Kg3 {[%clk 0:30:28]} Rb2 {[%clk 0:40:32]} 42. Kf3
{[%clk 0:29:56]} Rb6 {[%clk 0:40:29]} 43. Rxb6 {[%clk 0:18:13]} Nxb6
{[%clk 0:40:53]} 44. g4 {[%clk 0:18:42]} Kg6 {[%clk 0:41:14]} 45. gxh5+
{[%clk 0:18:53]} Kxh5 {[%clk 0:41:39]} 46. Ke4 {[%clk 0:17:52]} Nd7
{[%clk 0:33:40]} 47. Be7 {[%clk 0:16:44]} Kg6 {[%clk 0:32:27]} 48. Bg5
{[%clk 0:16:21]} Kf7 {[%clk 0:31:28]} 49. Bd8 {[%clk 0:16:41]} Nf6+
{[%clk 0:31:24]} 50. Ke5 {[%clk 0:16:50]} Ng4+ {[%clk 0:29:24]} 51. Kf4
{[%clk 0:16:53]} Nh6 {[%clk 0:28:41]} 52. Ke5 {[%clk 0:14:58]} Ke8
{[%clk 0:26:28]} 53. Bg5 {[%clk 0:14:03]} Kd7 {[%clk 0:26:40]} 54. Bd2
{[%clk 0:13:17]} Nf7+ {[%clk 0:26:45]} 55. Kd4 {[%clk 0:13:24]} Ke7
{[%clk 0:25:15]} 56. Bb4+ {[%clk 0:12:33]} Kf6 {[%clk 0:24:58]} 57. h5
{[%clk 0:09:37]} Ng5 {[%clk 0:19:57]} 58. Bd6 {[%clk 0:04:59]} Nf7
{[%clk 0:14:17]} 59. Bf8 {[%clk 0:05:10]} Nh6 {[%clk 0:14:23]} 60. Ke4
{[%clk 0:04:56]} Nf5 {[%clk 0:14:40]} 61. Kf4 {[%clk 0:04:11]} e5+
{[%clk 0:14:31]} 62. Kf3 {[%clk 0:04:12]} Ke6 {[%clk 0:13:28]} 63. Kg4
{[%clk 0:04:00]} Kf6 {[%clk 0:11:31]} 64. Kf3 {[%clk 0:04:29]} Ke6
{[%clk 0:08:39]} 65. Kg4 {[%clk 0:04:47]} e4 {[%clk 0:08:30]} 66. Kf4
{[%clk 0:04:28]} e3 {[%clk 0:08:54]} 67. Bxg7 {[%clk 0:04:10]} Kd5 1/2-1/2

[Event "Moscow Open A,B"]
[Site "?"]
[Date "2017.02.02"]
[Round "6.17"]
[White "Galliamova, Alisa"]
[Black "Kashlinskaya, Alina"]
[Result "0-1"]
[BlackElo "2418"]
[WhiteElo "2446"]
[LiveChessVersion "1.4.8"]

1. d4 {[%clk 1:30:54]} Nf6 {[%clk 1:30:53]} 2. c4 {[%clk 1:31:21]} e6
{[%clk 1:31:16]} 3. Nc3 {[%clk 1:31:47]} Bb4 {[%clk 1:31:39]} 4. Qb3
{[%clk 1:32:12]} Nc6 {[%clk 1:29:06]} 5. Nf3 {[%clk 1:21:51]} a5 {[%clk 1:25:45]}
6. a3 {[%clk 1:14:36]} a4 {[%clk 1:25:38]} 7. Qc2 {[%clk 1:14:59]} Bxc3+
{[%clk 1:24:42]} 8. Qxc3 {[%clk 1:09:59]} O-O {[%clk 1:24:29]} 9. Bg5
{[%clk 1:09:24]} h6 {[%clk 1:23:42]} 10. Bh4 {[%clk 1:06:48]} g5 {[%clk 1:12:52]}
11. Bg3 {[%clk 1:06:54]} Ne4 {[%clk 1:13:01]} 12. Qc2 {[%clk 0:56:32]} f5
{[%clk 1:13:12]} 13. d5 {[%clk 0:54:59]} Na5 {[%clk 1:08:09]} 14. Nd4
{[%clk 0:38:35]} Qf6 {[%clk 0:59:27]} 15. e3 {[%clk 0:36:44]} e5 {[%clk 0:57:08]}
16. Ne2 {[%clk 0:32:58]} d6 {[%clk 0:52:56]} 17. f3 {[%clk 0:32:30]} Nc5
{[%clk 0:52:24]} 18. Bf2 {[%clk 0:30:18]} e4 {[%clk 0:46:33]} 19. Nc3
{[%clk 0:28:02]} Nab3 {[%clk 0:44:29]} 20. Rd1 {[%clk 0:27:25]} Bd7
{[%clk 0:34:33]} 21. Be2 {[%clk 0:26:48]} Rae8 {[%clk 0:33:12]} 22. fxe4
{[%clk 0:19:44]} fxe4 {[%clk 0:31:44]} 23. O-O {[%clk 0:20:06]} Qg6
{[%clk 0:31:01]} 24. Bg3 {[%clk 0:15:54]} h5 {[%clk 0:25:50]} 25. Rxf8+
{[%clk 0:16:12]} Rxf8 {[%clk 0:26:07]} 26. Rf1 {[%clk 0:15:37]} h4
{[%clk 0:24:38]} 27. Rxf8+ {[%clk 0:09:59]} Kxf8 {[%clk 0:25:06]} 28. Bf2
{[%clk 0:05:05]} Nd3 {[%clk 0:21:23]} 29. Bd1 {[%clk 0:05:12]} Nbc5
{[%clk 0:18:29]} 30. Qe2 {[%clk 0:04:47]} Ne5 {[%clk 0:14:00]} 31. Bc2
{[%clk 0:03:57]} Kg8 {[%clk 0:14:03]} 32. Be1 {[%clk 0:02:13]} g4
{[%clk 0:12:54]} 33. Kh1 {[%clk 0:02:05]} g3 {[%clk 0:11:25]} 34. Qf1
{[%clk 0:01:21]} Ncd3 {[%clk 0:09:08]} 35. Nxa4 {[%clk 0:00:45]} Bxa4
{[%clk 0:04:50]} 36. Bxa4 {[%clk 0:01:09]} Nxc4 {[%clk 0:04:15]} 37. Qe2
{[%clk 0:01:06]} Qg5 {[%clk 0:03:33]} 38. Bc2 {[%clk 0:00:40]} Nxe1
{[%clk 0:01:11]} 39. Bxe4 {[%clk 0:00:43]} Nxg2 {[%clk 0:00:40]} 40. Qxc4
{[%clk 0:30:37]} Nxe3 {[%clk 0:30:59]} 41. Qxc7 {[%clk 0:28:37]} Qf6
{[%clk 0:22:14]} 42. Qc8+ {[%clk 0:21:16]} Kg7 {[%clk 0:22:38]} 43. Qxb7+
{[%clk 0:10:43]} Kh6 {[%clk 0:22:20]} 44. Qh7+ {[%clk 0:07:36]} Kg5
{[%clk 0:22:46]} 45. Qg8+ {[%clk 0:07:14]} Kf4 {[%clk 0:22:50]} 46. Qh7
{[%clk 0:02:15]} Ng4 {[%clk 0:22:49]} 47. Bg2 {[%clk 0:01:55]} Qd4
{[%clk 0:21:25]} 48. Qb1 {[%clk 0:00:47]} Nf2+ {[%clk 0:19:47]} 49. Kg1
{[%clk 0:01:14]} Nd3+ {[%clk 0:20:05]} 50. Kh1 {[%clk 0:01:36]} h3
{[%clk 0:20:13]} 51. Qf1+ {[%clk 0:00:35]} Nf2+ {[%clk 0:18:48]} 52. Kg1
{[%clk 0:00:59]} Ke5 {[%clk 0:17:28]} 53. Bxh3 {[%clk 0:00:35]} Nxh3+
{[%clk 0:17:38]} 54. Kg2 {[%clk 0:00:59]} Qf2+ {[%clk 0:17:29]} 0-1

[Event "Moscow Open A,B"]
[Site "?"]
[Date "2017.02.02"]
[Round "6.18"]
[White "Goryachkina, Aleksandra"]
[Black "Drogovoz, Irina"]
[Result "1/2-1/2"]
[BlackElo "2193"]
[WhiteElo "2466"]
[LiveChessVersion "1.4.8"]

1. d4 {[%clk 1:30:52]} Nf6 {[%clk 1:30:54]} 2. c4 {[%clk 1:31:17]} e6
{[%clk 1:31:11]} 3. g3 {[%clk 1:30:50]} d5 {[%clk 1:31:11]} 4. Nf3
{[%clk 1:31:00]} Be7 {[%clk 1:31:28]} 5. Bg2 {[%clk 1:30:54]} O-O
{[%clk 1:31:37]} 6. O-O {[%clk 1:29:30]} dxc4 {[%clk 1:31:30]} 7. Ne5
{[%clk 1:29:33]} Nc6 {[%clk 1:30:36]} 8. Bxc6 {[%clk 1:29:37]} bxc6
{[%clk 1:31:00]} 9. Nxc6 {[%clk 1:30:02]} Qe8 {[%clk 1:29:49]} 10. Nxe7+
{[%clk 1:30:09]} Qxe7 {[%clk 1:30:13]} 11. Na3 {[%clk 1:29:50]} Rd8
{[%clk 1:25:05]} 12. Qc2 {[%clk 1:26:00]} Rxd4 {[%clk 1:07:26]} 13. Nxc4
{[%clk 1:25:24]} Ba6 {[%clk 1:04:18]} 14. Na5 {[%clk 1:14:16]} Qd7
{[%clk 1:00:08]} 15. Bf4 {[%clk 1:05:52]} Qa4 {[%clk 0:52:51]} 16. Qc6
{[%clk 0:54:56]} Qxc6 {[%clk 0:52:25]} 17. Nxc6 {[%clk 0:55:23]} Rc4
{[%clk 0:51:59]} 18. Rfc1 {[%clk 0:52:06]} Rxc1+ {[%clk 0:51:08]} 19. Rxc1
{[%clk 0:52:34]} Bxe2 {[%clk 0:51:26]} 20. Bxc7 {[%clk 0:51:13]} Nd5
{[%clk 0:49:16]} 21. Bd6 {[%clk 0:44:52]} g5 {[%clk 0:40:06]} 22. f4
{[%clk 0:41:38]} h6 {[%clk 0:33:06]} 23. Kf2 {[%clk 0:33:48]} Bb5
{[%clk 0:28:46]} 24. Nb8 {[%clk 0:27:42]} Nf6 {[%clk 0:26:03]} 25. Rc8+
{[%clk 0:25:07]} Kh7 {[%clk 0:23:34]} 26. Ke3 {[%clk 0:24:21]} Kg6
{[%clk 0:18:40]} 27. b3 {[%clk 0:21:23]} a5 {[%clk 0:14:41]} 28. Rc5
{[%clk 0:14:04]} Be8 {[%clk 0:09:45]} 29. Kd4 {[%clk 0:11:10]} Nd5
{[%clk 0:04:11]} 30. a4 {[%clk 0:06:10]} f6 {[%clk 0:04:01]} 31. Rc8
{[%clk 0:05:03]} Bf7 {[%clk 0:03:29]} 32. Kc5 {[%clk 0:04:20]} e5
{[%clk 0:02:54]} 33. fxe5 {[%clk 0:03:46]} fxe5 {[%clk 0:03:20]} 34. Bxe5
{[%clk 0:03:41]} Ne7 {[%clk 0:03:01]} 35. Rf8 {[%clk 0:03:07]} Bxb3
{[%clk 0:02:48]} 36. Rf6+ {[%clk 0:02:38]} Kh7 {[%clk 0:03:13]} 37. Rb6
{[%clk 0:02:37]} Bd5 {[%clk 0:02:04]} 38. Nd7 {[%clk 0:02:09]} Bf7
{[%clk 0:01:05]} 39. Nf6+ {[%clk 0:01:31]} Kg7 {[%clk 0:01:26]} 40. Nd7+
{[%clk 0:30:56]} Kh7 {[%clk 0:31:30]} 41. Nf6+ {[%clk 0:21:50]} Kg7
{[%clk 0:31:51]} 42. Nd5+ {[%clk 0:13:04]} Kf8 {[%clk 0:32:03]} 43. Nxe7
{[%clk 0:12:04]} Kxe7 {[%clk 0:32:24]} 44. Rxh6 {[%clk 0:12:28]} g4
{[%clk 0:28:17]} 45. Kb6 {[%clk 0:11:49]} Bb3 {[%clk 0:23:17]} 46. Rg6
{[%clk 0:09:39]} Rg8 {[%clk 0:22:29]} 47. Rxg8 {[%clk 0:05:16]} Bxg8
{[%clk 0:22:40]} 48. Kxa5 {[%clk 0:05:42]} Bb3 {[%clk 0:21:50]} 49. Kb5
{[%clk 0:05:31]} Kd7 {[%clk 0:22:08]} 50. a5 {[%clk 0:05:54]} Kc8
{[%clk 0:22:27]} 51. Kb6 {[%clk 0:06:20]} Bd1 {[%clk 0:22:41]} 52. Kc5
{[%clk 0:04:29]} Kb7 {[%clk 0:22:55]} 53. Kd4 {[%clk 0:04:42]} Ba4
{[%clk 0:23:09]} 54. Ke4 {[%clk 0:02:38]} 1/2-1/2